The UK shopping centre development market (Record no. 77743)

MARC details
000 -LEADER
fixed length control field 00856cab a2200193 4500
001 - CONTROL NUMBER
control field ##L135004
008 - FIXED-LENGTH DATA ELEMENTS--GENERAL INFORMATION
fixed length control field 060918n2006 000 0 eng u
035 ## - SYSTEM CONTROL NUMBER
System control number (Sirsi) u135004
041 0# - LANGUAGE CODE
Language code of text/sound track or separate title eng
100 1# - MAIN ENTRY--PERSONAL NAME
Personal name Banham, Russell
245 04 - TITLE STATEMENT
Title The UK shopping centre development market
260 ## - PUBLICATION, DISTRIBUTION, ETC.
Date of publication, distribution, etc. 2006
490 #0 - SERIES STATEMENT
Series statement Journal of Retail and Leisure Property
Volume/sequential designation 5(3) 2006, 239-246(8)
520 ## - SUMMARY, ETC.
Summary, etc. Looks at the reasons for the large amount of new shopping centre floorspace coming on stream in 2007-2009. Discusses the historical perspective to the UK shopping centre market, and concludes that the increased level of supply in 2007-2009 will be comfortably assimilated into the market.
590 ## - LOCAL NOTE (RLIN)
Local note IKA190906
651 #4 - SUBJECT ADDED ENTRY--GEOGRAPHIC NAME
Geographic name United Kingdom
Chronological subdivision
690 ## - LOCAL SUBJECT ADDED ENTRY--TOPICAL TERM (OCLC, RLIN)
Topical term or geographic name as entry element PROPERTY-COMMERCIAL PROPERTY-RETAIL PROPERTY-SHOPPING CENTRE, MALL AND ARCADE PROPERTY
942 ## - ADDED ENTRY ELEMENTS (KOHA)
Suppress in OPAC 0
Holdings
Withdrawn status Lost status Source of classification or shelving scheme Damaged status Not for loan Home library Current library Shelving location Date acquired Total Checkouts Full call number Barcode Date last seen Copy number Price effective from Koha item type
    Dewey Decimal Classification     London London Journal article 18/09/2006   L135004 135004-1001 06/08/2019 1 06/08/2019 Journal article